000 00302cam a22001097a 4500
008 180718b1951 xxu||||| |||| 00| 0 eng d
082 _aB73x5442 P79mpus
100 _aPoona Municipal Corporation
245 _aPublic Works Department: office manual
260 _aPoona
_bThe author
_c1951
300 _a22p.
999 _c392545
_d392545